Former European Countries - Statistics

General Stats
  • This quiz has been taken 583 times
  • The average score is 5 of 9
Answer Stats
Hint Answer % Correct
1991 Soviet Union
96%
2006 Yugoslavia
96%
1992 Czechoslovakia
89%
1919 Austria-Hungary
78%
1991 East Germany
75%
1923 Ottoman Empire
58%
1940 Danzig
31%
1956 United States
3%
1924 Memel
1%
No matching quizzes found
Score Distribution
Percent of People with Each Score
Percentile by Number Answered
Your Score History
You have not taken this quiz